000 00473nam a2200205Ia 4500
003 0100
008 130303s9999 xx 000 0 und d
040 _cARRUPELIB
050 _aBJ1025.O3 1957
100 _aOesterle, John A
245 _aEthics
245 _bthe introduction to moral science
260 _aEnglewood Cliffs
260 _bPrentice-Hall, Inc.
260 _C1957
300 _axvii
300 _b 269 p. 25 cm
650 _aETHICS
942 0 0 _01
999 _c50711
_d50711